| 000 | 00549nam a2200205Ia 4500 | ||
|---|---|---|---|
| 005 | 20250522104525.0 | ||
| 008 | 008 250516s9999 xx 000 0 eng d | ||
| 020 | _a9780192858382 | ||
| 040 |
_aSDCL _beng _cSDCL |
||
| 041 |
_aeng _2eng |
||
| 084 |
_aV2y7M69:g(4), R2 _qSDCL |
||
| 100 |
_aGandhi, Gopalkrishna _9752262 |
||
| 245 | 0 | _aScorching love : | |
| 260 |
_aNew York: _bOxford University Press, _c2022. |
||
| 300 | _axxiii,492p. | ||
| 365 |
_aINR _b1495 |
||
| 650 | _aPolitical Science | ||
| 700 | _aSuhrud, Tridip | ||
| 942 | _cTEXL | ||
| 999 |
_c1430637 _d1430637 |
||